000 01117cab a22001935a 4500
001 L155026
008 120220e20120217xxk 000 0 eng d
035 _a(Sirsi) u155026
041 0 _aeng
100 1 _aHopkinson, Matthew
245 0 0 _aGet on track for high street remix
260 _ac2012
490 0 _aProperty Week
_v78(07) 17 February 2012, 41-42(2)
520 _aThe latest Local Data Company (LDC) survey of the retail sector confirms that average vacancy rates at 14.3% are higher than ever before. The changing high street occupancy is of concern to many: pound shops, charity shops, bookies, nail bars, and fast-food outlets have all enjoyed double-digit growth during the past few years. Comparison data on shop vacnacy rates from LDC's European partner Locatus is included for the first time. Town centres in the UK need to be shrunk and mixed-use space must be created. Tables cover 10 best and worst large, medium and small centres; national vacancy rates; net change in comparison goods.
590 _aKA
651 4 _aUnited Kingdom
_y
690 _aCommercial property
_96227
942 _n0
999 _c83785
_d83785